00521nam a2200193 a 4500001001300000003000900013005001700022008004100039020002600080082001400106100001700120245005700137260003500194300000900229500003500238505002400273650001300297700001700310nice12345678IN_TiNIC20260116013141.0050524s1975 lona grp 000 0 eng  a086012X c3030.300a230bRAH1 aRahner, Karl aEncyclopedia of Theologyb Concise Sacramentum Mundi aLondonbBurns and Oates c1975 a1841 aincludes index and biblioraphy2 aIndex, Bibliography aTheology1 aRahner, Karl